01489nam a2200277Ia 4500003000400000005001700004008004000021020001800061040000700079041000800086082001800094100003200112245008700144260003800231300001300269520044500282650004500727650004100772690003000813700002800843906001100871942001200882999001900894952014900913952014901062OSt20251204101435.0210210b2018 xxu||||| |||| 00| 0 eng d a9788125026563 cAL aeng a891.4609 LIMT aSharankumar Limbale9183612 aTowards an aesthetic of dalit literature:history controversies and considerations  aHyderabadbOrient BlackSwanc2018 axii,173p a"This book, the first critical work by an eminent Dalit writer to appear in English, is a provocative and thoughtful account of the debates among Dalit writers on how Dalit literature should be read. This book includes an extensive interview with the author, an exhaustive bibliography, and a critical commentary by the translator. Originally published in Marathi, this is the first English translation of the book."--Provided by publisher. aDalit Literature and Ambedkarism9183625 aDalit Literature and Marxism9183626 aIndian Literature9183619 aMukherjee, Alok9183620 a074340 2ddccBK c124252d124252 00102ddc4070aALbALd2021-02-17eBiblios Book Point, Surathkal-575014g525.00l0o891.4609 LIMTp074341r2021-02-17 00:00:00w2021-02-17yBK 00102ddc4070aALbALd2021-02-17eBiblios Book Point, Surathkal-575014g525.00l0o891.4609 LIMTp074340r2021-02-17 00:00:00w2021-02-17yBK